• 首页
  • 本馆介绍
  • 公告通知
  • 最新文献
  • 馆藏检索
  • 电子资源
  • 读者导购
  • 参考咨询
  • 我的图书馆
  • 登录
  • 详细信息显示
  • 放入我的书架
  • 预约/预借图书
  • 作者相关作品
  • 分类相关作品
  • 丛书相关作品
  • 出版社相关作品

书目信息

  • 表格格式
  • 工作单格式
  • 卡片格式
题名:
幽默
    
 
作者: 罗挚 编
分册:  
出版信息: 北京   中国华侨出版社  2016
页数: 11,399页
开本: 26cm
丛书名:
单 册:
中图分类: B83-49
科图分类:
主题词: 幽默(美学)--通俗读物
电子资源:
ISBN: 978-7-5113-5956-8
000 00837nam0 2200229 450
001 012001001776
005 20140921103355.0
010    @a978-7-5113-5956-8@b精装@dCNY59.00
100    @a20160826d2016 em y0chiy50 ea
101 0  @achi
102    @aCN@b110000
105    @ay z 000yy
106    @ar
200 1  @a幽默@9you mo@e瞬间给人带来快乐和赢得他人好感的艺术@f罗挚编
210    @a北京@c中国华侨出版社@d2016
215    @a11,399页@d26cm
330    @a本书汇集了幽默的精华,全方位地向读者阐述了幽默的智慧、如何掌握幽默的技巧,从社交、谈判、面试、职场、演讲、辩论、生活等方面,结合生动的案例,具体地讲述了幽默在现实社会中的独特魅力,教会读者从现在开始学会幽默的生活。
606 0  @a幽默(美学)@j通俗读物
690    @aB83-49@v5
701  0 @a罗挚@9luo zhi@4编
801  0 @aCN@b上海新华@c20180901
905    @b1152287-91@dB83-49@e362@f5
    
    幽默:瞬间给人带来快乐和赢得他人好感的艺术/罗挚编.-北京:中国华侨出版社,2016
    11,399页;26cm
    
    
    ISBN 978-7-5113-5956-8(精装):CNY59.00
    本书汇集了幽默的精华,全方位地向读者阐述了幽默的智慧、如何掌握幽默的技巧,从社交、谈判、面试、职场、演讲、辩论、生活等方面,结合生动的案例,具体地讲述了幽默在现实社会中的独特魅力,教会读者从现在开始学会幽默的生活。
●
相关链接 在E读中查询图书 在五车中查询图书 在当当中查询图书 在豆瓣中查询图书


正题名:幽默     索取号:B83-49/362         预约/预借

序号 登录号 条形码 馆藏地/架位号 状态 备注
1 1152287   211522878   第一样本阅览室/ [索取号:B83-49/362] 在馆    
2 1152288   211522887   第一借阅区/ [索取号:B83-49/362] 在馆    
3 1152289   211522896   第一借阅区/ [索取号:B83-49/362] 在馆    
4 1152290   211522903   第一借阅区/ [索取号:B83-49/362] 在馆    
5 1152291   211522912   第一借阅区/ [索取号:B83-49/362] 在馆    
唐山师范学院图书馆 欢迎您!
大连网信软件有限公司© 版权所有